[Event "4NCL 2019-20"]
[Site "Daventry"]
[Date "2020.03.01"]
[Round "2"]
[White "Jones, Gawain C B"]
[Black "Chow, Samuel"]
[Result "1/2-1/2"]
[WhiteElo "2679"]
[BlackElo "2317"]
[Annotator "TA"]
[PlyCount "134"]
[EventDate "2020.01.11"]
[EventCountry "ENG"]
[SourceTitle "playchess.com"]
[Source "ChessBase"]
[SourceQuality "1"]

{[%evp 14,134,28,30,118,72,75,68,99,119,102,110,151,118,224,227,230,101,97,80,91,100,71,29,77,25,104,41,32,33,29,42,32,17,12,21,25,18,21,21,20,5,32,25,24,22,37,38,47,0,0,0,0,0,0,0,0,0,0,0,0,0,0,0,0,0,0,0,17,0,48,22,41,45,56,27,31,45,76,53,57,53,71,0,0,0,0,0,0,0,0,0,0,0,8,0,98,0,0,0,0,0,0,0,0,0,0,0,0,0,0,0,0,-31,-8,-8,0,0,0,-8,0,0,0]} 1. e4 e6 2. d4 d5 3. e5 c5 4. c3 Nc6 5. Nf3 Bd7 6. Be2 f6 7. O-O Qc7 8. Bf4 O-O-O $1 {[%mdl 4] now scores much better than the old 8...Nge7. C02: French: Advance Variation.} (8... Nge7 $1 $11 {keeps the balance.}) 9. Re1 h6 10. Na3 g5 {White is slightly better.} 11. Nb5 {[#]} Qb8 $146 ({Predecessor:} 11... Qb6 12. Be3 fxe5 13. dxc5 Bxc5 14. Bxc5 Qxc5 15. b4 Qe7 16. Bf1 a6 17. a4 e4 {½-½ (40) Milligan,H (1942)-Sanchez Castillo,S (2137) Batumi 2018}) 12. Bg3 f5 13. dxc5 f4 {[#]} (13... Bxc5 $16 14. b4 a6) 14. Bxf4 $1 $18 gxf4 15. b4 (15. Nd6+ $18 Bxd6 16. cxd6) 15... Nxe5 $16 {[#]} 16. Nxa7+ $1 {[%mdl 512]} Qxa7 17. Nxe5 Nf6 18. Qd4 {Black should prevent Ng6.} Rg8 19. a4 (19. Nf3 $16) 19... Ne4 ({Not} 19... Bxa4 $2 {[#]} 20. Bb5 $1 $18 {[%mdl 512]}) (19... Bg7 $1 $11) 20. c6 ({Better is} 20. a5 $16) 20... Qxd4 $14 21. cxd7+ Rxd7 22. cxd4 Bxb4 23. Nxd7 Bxe1 24. Nb6+ Kc7 {[#]} 25. Nxd5+ $1 {[%mdl 512]} exd5 26. Rxe1 $11 {[%mdl 4096] Endgame KRB-KRN} Kd6 27. Rc1 Ra8 28. Bb5 Ng5 $1 29. Rb1 Ne6 30. Rb4 Rc8 31. Bf1 Rc1 32. Rb6+ Kd7 33. Rxb7+ Kc6 34. Rb4 Rd1 $1 35. f3 Nxd4 36. Kf2 Kc5 37. Rb2 Ra1 38. Bb5 Ra3 39. Be8 Re3 40. Bd7 Re7 41. Bg4 Ra7 42. Ra2 Kb4 43. g3 Kb3 44. Ra1 $1 fxg3+ 45. hxg3 Kb2 46. Rh1 (46. Rd1 {looks sharper.} Rxa4 47. Rd3 Kc1 48. f4 Ra2+ 49. Kf1) 46... Rxa4 47. Rxh6 Kc3 48. Rd6 ({White should play} 48. f4 $16) 48... Ra2+ 49. Ke3 Nc2+ 50. Kf4 d4 51. Bf5 Ne1 52. g4 {aiming for Rc6+.} d3 53. g5 Ra4+ 54. Ke3 {Black must now prevent Rc6+.} Nc2+ 55. Kf2 Nd4 56. Bxd3 Kxd3 {KRN-KR} 57. g6 Kc4 58. Rf6 {Threatens to win with g7.} Ra8 59. Kg3 Kd5 60. Kg4 Ke5 61. Rf7 Ra1 62. f4+ Ke6 63. Rb7 Rg1+ 64. Kh5 {The position is equal.} Rh1+ 65. Kg5 Rg1+ 66. Kh5 Rh1+ 67. Kg5 Rg1+ {Accuracy: White = 81%, Black = 82%.} 1/2-1/2

[Event "4NCL 2019-20"]
[Site "Daventry"]
[Date "2020.03.01"]
[Round "2"]
[White "Edouard, Romain"]
[Black "Camacho Collados, Jose"]
[Result "1-0"]
[WhiteElo "2640"]
[BlackElo "2419"]
[Annotator "TA"]
[PlyCount "81"]
[EventDate "2020.01.11"]
[EventCountry "ENG"]
[SourceTitle "playchess.com"]
[Source "ChessBase"]
[SourceQuality "1"]

{[%evp 16,81,15,22,22,14,19,15,22,10,22,0,0,-10,19,16,37,37,35,28,36,33,25,29,44,43,57,39,34,32,37,37,46,0,14,15,80,73,63,57,61,0,47,0,0,-25,0,0,2,2,12,0,3,7,12,2,4,4,132,132,413,400,394,360,929,899,893,872]} 1. c4 c5 2. Nf3 Nf6 3. b3 g6 4. Bb2 Bg7 5. g3 b6 6. Bg2 Bb7 7. O-O O-O 8. d4 cxd4 9. Qxd4 Na6 {A30: Symmetrical English: Double Fianchetto and Hedgehog.} 10. Nc3 Nc5 {[#] Hoping for ...Nd5.} 11. Qe3 {[#]} Rc8 $146 {The position is equal.} ({Predecessor:} 11... d6 12. Rad1 Rc8 13. Nd4 Bxg2 14. Kxg2 Qd7 15. Qf3 Ne6 16. Nxe6 fxe6 17. Qd3 Qb7+ {½-½ (64) Vazquez Igarza,R (2589)-Aranda Marin,C (2350) Linares 2016}) 12. Rad1 Re8 13. Nd4 Bxg2 14. Kxg2 Qc7 15. Qf3 Qb7 16. Qxb7 Nxb7 17. e4 d6 18. Rfe1 Nd7 19. Re2 Ne5 20. f4 Nc6 21. Nd5 Nxd4 22. Bxd4 Bxd4 23. Rxd4 Kg7 24. f5 f6 25. g4 g5 (25... Na5 $11 {keeps the balance.}) 26. h4 $16 gxh4 27. Rd1 Nd8 28. Nf4 ({White should play} 28. Rh1 $14) 28... Nf7 29. Ne6+ Kh8 30. Kh3 Rg8 31. Kxh4 Ng5 32. Nd4 Rg7 33. Re3 Rcg8 34. Rg1 h6 35. Ne2 h5 36. gxh5 {With the idea Rgg3.} Kh7 {[#]} (36... Nf3+ $1 $11 37. Rxf3 Rxg1 38. Nxg1 Rxg1) 37. Rgg3 $1 e5 $2 {[%mdl 8192] Now Black is done in.} (37... Kh6 $16 {keeps fighting.} 38. Nf4 Rc8) 38. Nc3 $18 Kh6 39. Nd5 Nh7 $2 (39... Rf8 40. a4 a5) 40. Rg6+ Rxg6 41. fxg6 {Accuracy: White = 83%, Black = 65%.} 1-0

[Event "4NCL 2019-20"]
[Site "Daventry"]
[Date "2020.03.01"]
[Round "2"]
[White "Tari, Aryan"]
[Black "Rendle, Thomas E"]
[Result "1-0"]
[WhiteElo "2629"]
[BlackElo "2361"]
[Annotator "TA"]
[PlyCount "67"]
[EventDate "2020.01.11"]
[EventCountry "ENG"]
[SourceTitle "playchess.com"]
[Source "ChessBase"]
[SourceQuality "1"]

{[%evp 9,67,56,57,56,62,60,61,39,86,37,60,58,58,23,24,38,33,14,129,110,193,175,221,200,200,166,161,150,137,144,159,151,160,177,192,164,179,133,430,338,331,247,234,233,238,227,221,170,178,174,162,160,153,145,355,368,437,443,422,422]} 1. e4 e6 2. d4 d5 3. Nc3 Nc6 4. e5 f6 5. Bb5 Qd7 6. Nf3 {C10: French with 3 Nc3: Unusual Black 3rd moves and 3...dxe4.} a6 7. Bxc6 Qxc6 8. O-O {White is slightly better.} Bd7 {[#]} 9. Re1 $146 ({Predecessor:} 9. Ne2 Qb6 10. b3 {½-½ (10) Balcerak,J (2447)-Meinhardt,M (2395) Germany 2015}) 9... O-O-O 10. Ne2 h6 11. b3 f5 12. Qd3 $36 {[%mdl 2048] White is pushing.} Be8 13. c4 dxc4 {White leaves nothing to chance now.} (13... Ne7 $1 $11) 14. bxc4 $16 Bc5 (14... g5 $16 {was worth a try.}) 15. Qb3 Ba7 16. Be3 Qa4 17. Qxa4 Bxa4 18. Nf4 Bd7 19. Ng6 Rh7 20. Rad1 Ba4 21. Rd2 Bb6 22. Rc1 Ba5 23. Rd3 b5 $2 {[%mdl 8192] [#]} (23... Bc6 $16 {keeps fighting.} 24. h4 Be4) 24. Nf4 Re8 {intending ...g5.} 25. d5 exd5 26. cxd5 {Black must now prevent h4.} g5 27. Ne6 {Threatens to win with Rc6.} f4 28. Bd2 Bb6 29. h3 Kb7 30. Nc5+ Bxc5 31. Rxc5 {[#] And now Ba5 would win.} Rd7 $2 (31... Bd1 $16) 32. Ba5 $18 Ne7 33. e6 Rxd5 34. Rxc7+ {Accuracy: White = 75%, Black = 57%.} ({Not} 34. Rdxd5 Nxd5 35. Rxd5 Rxe6 $18) 1-0

[Event "4NCL 2019-20"]
[Site "Daventry"]
[Date "2020.03.01"]
[Round "2"]
[White "Erdos, Viktor"]
[Black "Makkar, Rajat"]
[Result "1/2-1/2"]
[WhiteElo "2621"]
[BlackElo "2179"]
[Annotator "TA"]
[PlyCount "122"]
[EventDate "2020.01.11"]
[EventCountry "ENG"]
[SourceTitle "playchess.com"]
[Source "ChessBase"]
[SourceQuality "1"]

{[%evp 12,122,16,20,22,5,24,9,48,46,48,37,41,32,49,37,70,67,71,72,76,69,75,50,45,45,42,41,32,18,10,12,12,14,14,8,8,10,6,9,12,11,9,10,16,8,12,14,18,0,9,0,13,10,8,6,12,10,68,10,14,5,49,49,49,29,49,42,41,43,23,8,8,8,8,8,8,8,8,8,8,8,8,8,8,8,8,8,8,8,8,8,8,8,8,8,8,0,8,0,8,8,8,8,8,8,8,0,8,8,8,8,8]} 1. d4 d5 2. Nf3 Nf6 3. c4 c6 4. e3 e6 5. Bd3 Bd6 6. Nc3 dxc4 7. Bxc4 b5 {D45: Semi-Slav: 5 e3.} 8. Be2 Nbd7 9. e4 {Hoping for e5.} b4 10. e5 {[%mdl 64] Threatens to win with Na4. Double Attack} bxc3 {[#]} 11. exd6 $146 ({Don't play} 11. bxc3 Nd5 $15) ({Predecessor:} 11. exf6 Nxf6 12. bxc3 Qa5 13. O-O Qxc3 14. Bg5 O-O 15. Rc1 Qa3 16. Rxc6 Be7 17. Qb3 Qxb3 18. axb3 {½-½ (29) Olenderek,T (2186)-Olejarczyk,B (2114) Warsaw 2004}) 11... cxb2 12. Bxb2 Ba6 13. O-O Bxe2 14. Qxe2 O-O 15. Ne5 Qb6 16. Rac1 Rfc8 17. Rc2 Qb4 18. Qa6 Qxd6 19. Ba3 Qc7 $1 20. Rxc6 Qd8 21. Rfc1 {[%cal Rc6c8]} Rcb8 $1 22. Rxe6 {Black must now prevent Nxf7!} Nxe5 ({And not} 22... fxe6 23. Qxe6+ Kh8 24. Nf7+ Kg8 25. Nxd8+ Kh8 26. Nf7+ Kg8 {[#]} 27. Nh6+ $1 {[%mdl 512]} Kh8 28. Qg8+ $1 {[%mdl 512]} Nxg8 29. Nf7#) 23. Rxe5 {Black should prevent Bc5.} Qxd4 24. Re2 h6 25. h3 Qb6 26. Qa4 Rc8 27. Rce1 Qc6 28. Qa5 Qd5 29. Qa6 Qc6 30. Qa5 Qd5 31. Qa4 Qc6 32. Qf4 Re8 33. Bb2 Rxe2 34. Rxe2 a6 (34... Re8 $11 35. Rxe8+ Nxe8) 35. Rd2 ({White should play} 35. Bxf6 $14 Qxf6 36. Qxf6 gxf6 37. Re7) 35... Qe4 $11 36. Qd6 Re8 37. Bxf6 gxf6 $14 {[%mdl 4096] Endgame KQR-KQR} 38. Kh2 Qe5+ 39. f4 Qxd6 40. Rxd6 Re6 41. Rxe6 (41. Rd4 {is interesting.} Kg7 42. Ra4 f5 43. Ra5 Rf6 44. Kg3) 41... fxe6 $11 {KP-KP. The position is equal.} 42. Kg3 Kf7 43. Kf3 Kg6 44. Ke4 h5 45. f5+ exf5+ 46. Kf4 a5 $1 47. h4 {a4 is the strong threat.} a4 48. a3 Kg7 $1 49. Kxf5 {White wants to play Kf4. K3P-K3P} Kf7 50. g3 Kg7 $1 51. Ke6 $1 Kg6 52. Ke7 Kg7 $1 53. Ke8 Kg6 54. Ke7 Kg7 $1 55. Kd6 Kg6 56. Ke6 Kg7 $1 57. Kf5 Kf7 58. Kf4 Kg7 59. Kf5 Kf7 60. g4 hxg4 61. Kxg4 Kg6 {Accuracy: White = 95%, Black = 92%.} 1/2-1/2

[Event "4NCL 2019-20"]
[Site "Daventry"]
[Date "2020.03.01"]
[Round "2"]
[White "Turner, Matthew J"]
[Black "Haria, Ravi"]
[Result "1/2-1/2"]
[WhiteElo "2521"]
[BlackElo "2450"]
[Annotator "TA"]
[PlyCount "72"]
[EventDate "2020.01.11"]
[EventCountry "ENG"]
[SourceTitle "playchess.com"]
[Source "ChessBase"]
[SourceQuality "1"]

{[%evp 9,72,24,33,18,34,35,27,37,30,37,36,39,31,29,27,19,26,17,25,10,10,0,0,9,12,0,0,0,0,0,0,0,0,0,0,0,7,0,8,0,0,0,45,22,35,19,29,29,26,16,29,30,24,0,8,0,0,0,0,0,3,3,10,0,8]} 1. d4 e6 2. c4 d5 3. Nc3 a6 4. cxd5 exd5 5. Nf3 Nf6 6. Bg5 {D37: Queen's Gambit Declined: 5 Bf4.} Be6 7. e3 Nbd7 8. Bd3 {White has an edge.} h6 9. Bf4 g5 10. Bg3 Nh5 11. e4 Nxg3 12. hxg3 c6 13. exd5 cxd5 14. Qe2 {[#]} Bg7 $146 ({Predecessor:} 14... Be7 15. Kf1 Qb6 16. Re1 g4 17. Ne5 Nf6 18. Na4 Qd6 19. Nc5 Bc8 20. Qc2 Ne4 21. Bxe4 dxe4 22. Qxe4 {1-0 (37) Arizmendi Martinez,J (2511)-Salinas Herrera,P (2438) Barcelona 2017}) 15. Nxd5 Qa5+ 16. Nc3 g4 17. Nh4 {aiming for Bf5.} Bxd4 18. O-O O-O-O 19. Bc4 Bxc4 ({Much weaker is} 19... Bxc3 20. Bxe6 fxe6 21. bxc3 $14) 20. Qxc4+ {[%mdl 64] [#] Double Attack} Qc5 21. Qb3 Kb8 22. Rad1 Nb6 23. Ne2 Bf6 24. Rc1 Qb5 25. Qxf7 Bxh4 26. Nc3 ({But not} 26. gxh4 $2 Qxe2 27. Rc7 (27. Rfe1 $2 Qxb2 28. Qc7+ Ka7 $19) 27... Qe4 $19) 26... Qc4 27. Qxc4 Nxc4 28. gxh4 Nxb2 29. Rc2 Rc8 30. Rxb2 {[#] Hoping for Nd5.} Rxc3 $11 {[%mdl 4096] Endgame KRR-KRR} 31. Rfb1 Rh7 {The position is equal.} 32. h5 Rc5 33. Rb6 Rxh5 34. Rxa6 $1 Rf5 35. Rab6 h5 36. R6b5 Rhf7 {Accuracy: White = 100%, Black = 97%.} 1/2-1/2

[Event "4NCL 2019-20"]
[Site "Daventry"]
[Date "2020.03.01"]
[Round "2"]
[White "Fodor, Tamas Jr."]
[Black "Fitzsimons, David"]
[Result "1/2-1/2"]
[WhiteElo "2518"]
[BlackElo "2328"]
[Annotator "TA"]
[PlyCount "55"]
[EventDate "2020.01.11"]
[EventCountry "ENG"]
[SourceTitle "playchess.com"]
[Source "ChessBase"]
[SourceQuality "1"]

{[%evp 26,55,20,19,18,0,37,0,0,0,0,-40,-38,-43,-34,-64,-22,-12,-24,-34,-28,-19,-2,-3,-12,-9,0,0,0,0,0,0]} 1. d4 Nf6 2. Nf3 d5 3. c4 e6 4. Nc3 c5 5. cxd5 Nxd5 6. e4 Nxc3 7. bxc3 cxd4 8. cxd4 Bb4+ 9. Bd2 Bxd2+ 10. Qxd2 O-O 11. Bc4 Nd7 {[%cal Bb8d7,Bd7f6,Bf6d5,Bd5e7,Be7c6][%mdl 32]} 12. O-O b6 13. Rad1 Bb7 14. Rfe1 Rc8 {D41: Queen's Gambit Declined: Semi-Tarrasch with 5 cxd5.} 15. Bb3 Nf6 16. Qf4 Qc7 17. Qh4 h6 {[#]} 18. Rd3 $146 ({Predecessor:} 18. h3 Rfd8 19. Re3 b5 20. Nh2 Kf8 21. e5 Qc6 22. Rf3 Qe4 23. Ng4 Nxg4 24. hxg4 Rxd4 25. Rxd4 Qxd4 {0-1 (31) Shchekachev,A (2515)-Moussard,J (2439) Le Port Marly 2014}) 18... Rfd8 19. Nd2 Qe7 20. h3 Nd5 21. Qxe7 Nxe7 22. Nf3 Nc6 23. d5 exd5 {The position is equal.} 24. exd5 Na5 25. d6 Nxb3 26. axb3 Bxf3 27. d7 Rb8 {[#] Threatens to win with ...Bc6.} 28. gxf3 {Accuracy: White = 76%, Black = 81%.} 1/2-1/2

[Event "4NCL 2019-20"]
[Site "Daventry"]
[Date "2020.03.01"]
[Round "2"]
[White "Tan, Justin"]
[Black "Merry, Alan B"]
[Result "0-1"]
[WhiteElo "2511"]
[BlackElo "2423"]
[Annotator "TA"]
[PlyCount "82"]
[EventDate "2020.01.11"]
[EventCountry "ENG"]
[SourceTitle "playchess.com"]
[Source "ChessBase"]
[SourceQuality "1"]

{[%evp 9,82,0,0,0,0,0,0,0,0,-15,-8,-9,-1,-10,0,0,0,0,0,-12,-10,-37,-40,-58,-39,-81,-62,-75,-77,-81,-68,-57,-44,-73,-31,-52,-33,-17,-16,-19,-8,-8,-10,-16,-14,-30,-29,-22,-14,-54,-20,-22,-9,-58,-69,-107,0,-124,-131,-141,-92,-181,-164,-151,-159,-884,-900,-1156,-1139,-1143,-1104,-29984,-29985,-29985,-29986]} 1. Nf3 d5 2. e3 Nf6 3. c4 e6 4. Nc3 b6 5. b3 Bb7 6. Bb2 {A17: English Opening: 1...Nf6 with ...Bb4.} a6 7. Qc2 Nbd7 8. Be2 {The position is equal.} Bd6 9. cxd5 exd5 10. O-O O-O 11. Rac1 Qe7 12. Rfe1 {[#]} c5 $146 ({Predecessor:} 12... Rfe8 13. Bf1 Rac8 14. Ne2 c5 15. Ng3 g6 16. Qb1 Ne4 17. d4 Ng5 18. Ne5 Ne4 19. Nxd7 Qxd7 20. dxc5 bxc5 21. Nxe4 Rxe4 {0-1 (33) Zhao,X (2565)-Koneru,H (2610) Beijing 2012}) 13. d4 Rfe8 14. Qf5 Rac8 15. Bd3 c4 16. bxc4 {[%cal Rc3d5]} dxc4 17. Bb1 g6 18. Qh3 $1 b5 {Hoping for ...b4.} 19. e4 {next e5 is good for White.} b4 20. e5 $1 {[%cal Re5f6]} bxc3 21. exf6 Qf8 ({But not} 21... cxb2 22. fxe7 bxc1=R 23. Rxc1 $11) 22. Bxc3 Nxf6 23. Ne5 $1 Bb4 24. Qh4 {[#] And now Bxb4 would win.} Nd5 25. Bxb4 Qxb4 26. Be4 Qe7 27. Qh6 Nf6 {[%cal Bd5f6,Bf6h5,Bh5f4][%mdl 32]} 28. Bxb7 Qxb7 29. Qf4 Nh5 30. Qd2 Qd5 31. Re3 Nf4 $40 {[%csl Gf4][%cal Rd5g2][%mdl 128] Black has some attack.} 32. Nf3 {Black must now prevent Rxe8+.} Qf5 (32... Nd3 $17 {Threatens to win with ...Rxe3.} 33. Rc2 Rxe3 34. fxe3 Rb8) 33. g3 (33. Rxc4 $1 $11 Rxc4 34. Rxe8+ Kg7 35. Qe3) 33... Rxe3 $17 34. Qxe3 Nd5 35. Qa3 (35. Qe2 $17 {keeps fighting.}) 35... Rb8 $19 36. Ne5 c3 37. Qd6 $2 {Loses the game.} (37. Qxa6 $17 Rb2 38. Qf1) 37... Rb1 38. Rxb1 Qxb1+ {[%mdl 64] [#] Double Attack} 39. Kg2 Qe4+ 40. f3 Qe2+ 41. Kh3 Ne3 {Accuracy: White = 63%, Black = 90%.} 0-1

[Event "4NCL 2019-20"]
[Site "Daventry"]
[Date "2020.03.01"]
[Round "2"]
[White "Gormally, Daniel W"]
[Black "Sowray, Peter J"]
[Result "1-0"]
[WhiteElo "2508"]
[BlackElo "2272"]
[Annotator "TA"]
[PlyCount "51"]
[EventDate "2020.01.11"]
[EventCountry "ENG"]
[SourceTitle "playchess.com"]
[Source "ChessBase"]
[SourceQuality "1"]

{[%evp 11,51,27,25,25,12,18,12,11,16,16,13,14,19,0,0,0,-5,-15,0,-17,68,71,71,69,75,77,185,181,239,252,607,627,551,553,658,653,900,900,900,899,899,891]} 1. d4 d5 2. Nf3 Nf6 3. c4 e6 4. g3 dxc4 5. Bg2 a6 6. O-O Nc6 7. Bg5 {E04: Open Catalan: 5 Nf3.} Be7 8. e3 O-O {outshines the older 8...Bd7.} 9. Nbd2 {The position is equal.} e5 10. Nxc4 exd4 $1 11. Nxd4 Nxd4 {[#]} 12. exd4 $146 ({Predecessor:} 12. Qxd4 Qxd4 13. exd4 h6 14. Bf4 Be6 15. Rfe1 Bxc4 16. Rxe7 Nd5 17. Bxd5 Bxd5 18. Rxc7 Rac8 19. Rc5 Rfd8 20. b3 Rxc5 21. dxc5 Bf3 22. Re1 Rd5 {½-½ (22) Yuffa,D (2577)-Potkin,V (2583) Sochi 2019}) 12... h6 13. Bf4 Nd5 14. Bd2 Be6 15. Re1 Rc8 (15... Re8 $11) 16. Rxe6 $1 $14 fxe6 17. Bh3 Rf6 {[#]} 18. Qe2 $1 Rb8 (18... Qd7 $16) 19. Bxe6+ $18 Kf8 (19... Kh8 $142 20. Ne5 Nb4) 20. Qg4 {Ne5 is the strong threat.} Bb4 $2 {[#]} (20... h5 21. Qe4 (21. Qxh5 Rxe6 22. Qf5+ Rf6 $11) 21... b5) 21. Bxb4+ $1 {White is clearly winning.} Nxb4 22. Ne5 h5 23. Qxh5 {Strongly threatening Re1.} Ke7 {[#]} 24. d5 $1 {[%mdl 512]} Nxd5 25. Bxd5 Qxd5 26. Ng6+ {Accuracy: White = 100%, Black = 45%.} 1-0

[Event "4NCL 2019-20"]
[Site "Daventry"]
[Date "2020.03.01"]
[Round "2"]
[White "Kantans, Toms"]
[Black "Gordon, Stephen J"]
[Result "1/2-1/2"]
[WhiteElo "2499"]
[BlackElo "2504"]
[Annotator "TA"]
[PlyCount "139"]
[EventDate "2020.01.11"]
[EventCountry "ENG"]
[SourceTitle "playchess.com"]
[Source "ChessBase"]
[SourceQuality "1"]

{[%evp 23,139,-26,0,0,28,31,78,-41,-10,-8,-13,-5,0,-27,-15,-21,0,0,0,0,0,0,0,-112,-9,-23,0,0,0,0,0,0,0,-16,0,0,6,4,7,0,0,0,0,-43,2,6,27,0,0,0,17,10,26,26,26,0,5,0,0,0,0,0,26,26,61,0,0,0,0,0,0,0,0,0,0,0,0,0,0,0,0,0,0,0,0,0,0,0,0,0,0,0,0,0,0,0,0,0,0,0,0,0,0,0,0,0,0,0,0,0,0,0,0,0,0,0,0,0]} 1. e4 c5 2. Nf3 d6 3. d4 cxd4 4. Nxd4 Nf6 5. Nc3 a6 6. Bg5 e6 7. f4 Qb6 8. Bxf6 gxf6 9. Qd2 Qxb2 10. Nb3 Qa3 11. Be2 h5 12. O-O Nc6 13. Nb1 {B97: Sicilian Najdorf: Poisoned Pawn.} Qb4 14. Qe3 $1 Ne7 {[#]} 15. c4 $146 (15. N1d2 $16 Bd7 16. Nc4) ({Predecessor:} 15. N1d2 d5 16. a3 Qa4 17. c4 dxe4 18. Nxe4 Ng8 19. Bf3 Qd7 20. Rfd1 Qc7 21. c5 {1-0 (28) Weinzettl,E (2298)-Ilandzis,S (2162) Tabor 2013}) 15... f5 {Strongly threatening ...fxe4.} 16. a3 Qa4 {Hoping for ...fxe4.} 17. Nc3 Qc6 $1 ({But not} 17... Qxb3 $2 18. Rfb1 $16) 18. Rac1 Bg7 19. Bd3 Kf8 20. c5 dxc5 21. Nxc5 b6 22. N5a4 Bb7 23. Rf2 (23. Rfd1 $1 $11) 23... Bxc3 (23... Rd8 $17 {...Bd4 is the strong threat.} 24. e5 f6 25. Nxb6 fxe5) 24. Nxc3 $11 Qc5 25. Qxc5 bxc5 26. exf5 Rd8 27. Bb1 Nxf5 28. Na4 Kg7 29. Nxc5 {[#] Black must now prevent Bxf5.} Bc8 30. Rb2 Rd4 31. Rb8 Rhd8 32. Bxf5 exf5 33. Kf2 Kf6 34. Ke3 R4d6 35. Rc2 (35. Rxc8 $5 Rxc8 {[#]} 36. Nd7+ $1 {[%mdl 576] Discovered Attack} Rxd7 37. Rxc8 $11) 35... Re8+ 36. Kf2 Red8 37. Kg3 Be6 38. Rxd8 Rxd8 {[%mdl 4096] Endgame KRB-KRN} 39. Kh4 Rc8 40. g3 Ke7 41. Rc3 f6 42. Kh3 a5 43. Kh4 Bd5 44. h3 (44. Na4 $14 Rxc3 45. Nxc3) 44... Be6 {The position is equal.} 45. Na4 {Threatens to win with Rxc8.} Rxc3 46. Nxc3 {KB-KN} Bf7 47. Nd1 Bg6 48. Ne3 a4 49. Nd5+ Ke6 50. Nc7+ Kd6 51. Nb5+ Ke6 52. g4 fxg4 53. hxg4 {And now f5+ would win.} hxg4 54. Kxg4 Bd3 55. Nc3 Bc2 56. Kf3 Kd6 57. Ke3 Ke6 58. Na2 Bb3 59. Nb4 Bd1 60. Ke4 Bh5 61. Na6 Bg6+ 62. Kd4 Kf5 63. Ke3 Be8 64. Nb4 Ke6 65. Ke4 Bg6+ 66. Kd4 Kf5 67. Ke3 Ke6 68. Na2 Be8 69. Nc3 Bc6 70. Kd4 {Accuracy: White = 86%, Black = 86%.} 1/2-1/2

[Event "4NCL 2019-20"]
[Site "Daventry"]
[Date "2020.03.01"]
[Round "2"]
[White "Schneider, Dmitry"]
[Black "McShane, Luke J"]
[Result "0-1"]
[WhiteElo "2475"]
[BlackElo "2677"]
[Annotator "TA"]
[PlyCount "124"]
[EventDate "2020.01.11"]
[EventCountry "ENG"]
[SourceTitle "playchess.com"]
[Source "ChessBase"]
[SourceQuality "1"]

{[%evp 14,124,-15,-17,0,-27,-7,-60,-36,-13,-20,-15,-25,-37,-14,-25,-21,-16,-19,-22,0,-20,-23,-83,-53,-72,-76,-75,-72,-73,-78,-68,-72,-64,-54,-94,-91,-94,-94,-91,-79,-110,-109,-125,-93,-98,-92,-106,-106,-110,-105,-220,-209,-225,-227,-229,-204,-349,-330,-877,-857,-803,-716,-1056,-1019,-987,-959,-1171,-1177,-1179,-1066,-1130,-1149,-1099,-976,-952,-952,-1031,-1061,-1440,-1304,-1910,-802,-12833,-12833,-12834,-12835,-12837,-12837,-12840,-12839,-12841,-12839,-12850,-27999,-12851,-12851,-12851,-27999,-12851,-27999,-12851,-12851,-12851,-27999,-12851,-29973,-12851,-29974,-12851,-29976,-12851,-29976]} 1. e4 e5 2. Nf3 Nc6 3. Bc4 Bc5 4. b4 Bxb4 5. c3 Ba5 6. d4 d6 7. Qb3 Qd7 8. O-O Bb6 $1 {C52: Evans Gambit Accepted: 5 c3 Ba5.} 9. Nbd2 Na5 10. Qa3 {[#]} ({White should try} 10. Qb1 $11) 10... Ne7 $146 {Black is slightly better.} ({Predecessor:} 10... Nf6 11. Bd3 O-O 12. dxe5 Ng4 13. exd6 cxd6 14. c4 Nc6 15. Bb2 Qe7 16. Rae1 Nge5 {0-1 (40) Takyrbashev,B (2142)-Ilinsky,V (2291) Bishkek 2012}) 11. dxe5 O-O 12. exd6 cxd6 13. Bd3 Ng6 14. Nb3 Ne5 15. Nxe5 dxe5 16. Be2 Nxb3 17. axb3 Qc6 18. Bg5 (18. c4 $11) 18... f6 ({But not} 18... Qxc3 $6 19. Be7 $11) 19. Bc4+ Be6 20. Bxe6+ Qxe6 21. Bd2 Rfd8 22. Qa2 Rd3 $36 {[%mdl 2048] Black is on the roll.} 23. c4 a6 24. Qc2 {Black keeps a firm grip on the game.} Rad8 25. Ba5 Qc6 26. Bxb6 Rd2 27. Qb1 Qxb6 28. Ra2 R2d3 29. Rb2 h6 30. g3 R8d4 31. Re1 h5 32. h4 (32. Qc2 $17 {was called for.}) 32... Qe6 $19 33. Qc2 {[#]} Qg4 $1 34. Qe2 {[#]} Rf3 $1 35. Kh2 (35. Qf1 $142) 35... g5 36. hxg5 $2 (36. Qf1 gxh4 37. Qh3) 36... h4 {[%cal Rh4g3]} 37. Rg1 Rdd3 38. Rg2 hxg3+ 39. fxg3 Qxg5 40. Rd2 Qh6+ 41. Kg1 Qxd2 42. Qxd2 Rxd2 43. Rxd2 Rxg3+ {[%mdl 4096] Endgame KR-KR} 44. Kf2 Rxb3 45. Rd7 a5 46. Rd8+ Kf7 47. Ra8 Rb4 (47... Rc3 $142 48. Rxa5 Rxc4) 48. Rxa5 Rxc4 49. Kf3 Rc3+ 50. Kg4 Re3 51. Ra4 Kg6 52. Kh4 f5 53. exf5+ Kxf5 {( -> ...Re4+)} 54. Ra8 Rb3 55. Rf8+ Ke4 56. Re8 b5 {[%cal Bb7b5,Bb5b4,Bb4b3][%mdl 32]} 57. Kg5 b4 58. Kf6 Rf3+ 59. Ke6 b3 60. Rb8 Kd4 61. Rd8+ Kc3 (61... Ke3 $19 62. Kxe5 Rh3) 62. Rc8+ Kd2 {Accuracy: White = 63%, Black = 91%.} (62... Kb2 $19 63. Kxe5 Ka2 64. Ra8+ Kb1) 0-1